[Event "XXVIII Voivoda Cup"]
[Site "Legnica POL"]
[Date "2012.11.27"]
[Round "8.3"]
[White "Zawadzka,J"]
[Black "Sieciechowicz,M"]
[Result "1/2-1/2"]
[WhiteElo "2389"]
[BlackElo "2443"]

1.e4 c5 2.Nf3 d6 3.d4 cxd4 4.Nxd4 Nf6 5.Nc3 a6 6.Be3 e5 7.Nb3 Be6 8.f4 exf4
9.Bxf4 Nc6 10.Qe2 Be7 11.h3 Nd7 12.O-O-O Nde5 13.Kb1 O-O 14.g4 a5 15.a4 Rc8
16.Nd5 Bg5 17.Bg3 Bh4 18.Bf4 Bg5 19.Bg3 Bh4 20.Bf4 Bg5 21.Bg3  1/2-1/2

[Event "TCh-CZE Extraliga 2012-13"]
[Site "Czech Republic CZE"]
[Date "2012.12.01"]
[Round "3.7"]
[White "Kukel,I jr"]
[Black "Mudrak,J"]
[Result "0-1"]
[WhiteElo "2260"]
[BlackElo "2323"]

1.e4 c5 2.Nf3 d6 3.d4 cxd4 4.Nxd4 Nf6 5.Nc3 a6 6.Be3 e5 7.Nf3 Be7 8.Bc4 O-O
9.O-O Nc6 10.Bg5 Be6 11.Bb3 Rc8 12.Qd2 Bg4 13.Ne1 Nd4 14.f4 Rxc3 15.Bxf6 Bxf6
16.bxc3 Ne2+ 17.Kh1 Nxc3 18.Nd3 Nb5 19.f5 Nd4 20.Bd5 Bg5 21.Qc3 Qf6 22.Nf2 Be2
23.Rfe1 b5 24.a4 Qh6 25.Qh3 Bh4 26.Rxe2 Nxe2 27.Ng4 Qg5 28.g3 h5 29.gxh4 Qxg4
30.Qxg4 hxg4 31.axb5 axb5 32.Ra7 Nc3 33.Bb7 Rb8 34.Kg2 b4 35.Bc6 Rc8 36.Ra6 Ne2
37.Ba4 Nd4 38.Rxd6 Nxc2 39.Rb6 Rc3 40.Rb8+ Kh7 41.Be8 Rf3 42.h3 Ne3+ 43.Kg1 g3
44.Bb5 g2  0-1

[Event "Doroshkevicha Mem Open 2012"]
[Site "Sochi RUS"]
[Date "2012.12.01"]
[Round "6"]
[White "Korolkov,Yury"]
[Black "Nevolin,Viktor"]
[Result "1-0"]
[WhiteElo "1799"]
[BlackElo "1718"]

1.e4 c5 2.Nf3 d6 3.d4 cxd4 4.Nxd4 Nf6 5.Nc3 a6 6.Be3 e5 7.Nb3 Be7 8.Be2 Be6
9.O-O O-O 10.f4 Qc7 11.f5 Bc4 12.g4 Bxe2 13.Qxe2 Qc6 14.Qf3 h6 15.h4 Nh7
16.Bf2 f6 17.Nd5 Rf7 18.Nb6 Ra7 19.c4 a5 20.Rac1 Ra6 21.c5 dxc5 22.Nxc5 Bxc5
23.Rxc5 Qd6 24.Rd1 Qe7 25.Rc8+ Rf8 26.Bc5 Qf7 27.Rdd8 Nc6 28.Rxf8+ Nxf8 29.Rxf8+ Qxf8
30.Bxf8 Kxf8 31.Nd5 Nb4 32.Qa3 Kf7 33.Nxb4 axb4 34.Qxb4  1-0

[Event "TCh-CZE Extraliga 2012-13"]
[Site "Czech Republic CZE"]
[Date "2012.12.02"]
[Round "4.6"]
[White "Kukel,I jr"]
[Black "Michenka,J"]
[Result "1/2-1/2"]
[WhiteElo "2260"]
[BlackElo "2352"]

1.e4 c5 2.Nf3 d6 3.d4 cxd4 4.Nxd4 Nf6 5.Nc3 a6 6.Be3 e5 7.Nb3 Be6 8.Qd2 Nbd7
9.f3 Be7 10.g4 Nb6 11.g5 Nfd7 12.h4 Qc7 13.O-O-O f5 14.gxf6 Nxf6 15.Kb1 Nc4
16.Bxc4 Qxc4 17.Qg2 Rg8 18.f4 O-O-O 19.a3 Kb8 20.Bb6 Rde8 21.Na5 Qc8 22.f5 Bf7
23.Rh3 Qd7 24.Nd5 Bxd5 25.exd5 Ka8 26.Rb3 Rb8 27.Rdd3 g6 28.fxg6 Rxg6 29.Qd2 Bd8
30.Nc4 Qg4 31.Rb4 e4 32.Re3 Nd7 33.Qd4 Bxb6 34.Nxb6+ Nxb6 35.Qxb6 Qd1+ 36.Ka2 Qxd5+
37.c4 Qc5 38.Rxe4 Qxb6 39.Rxb6 Ka7 40.Rb3 Rg7 41.Rd3 Rd8 42.Red4 Rgd7 43.Rd5 Kb6
44.h5 Kc6 45.a4 Re8 46.b4 Re5 47.Kb3 Rxd5 48.Rxd5 Rg7 49.b5+ axb5 50.axb5+ Kc7
51.Rf5 Kd7 52.h6 Re7 53.Rf8 Re8 54.Rf7+ Re7 55.Rg7 Ke6 56.Rg8 Ke5 57.Kb4 Re6
58.Rg7 Rxh6 59.Rxb7 Rh1 60.b6 Rb1+ 61.Ka5 Kd4 62.Rxh7 Kxc4 63.Rc7+ Kd3 64.Rd7 d5
65.Ka6 d4 66.Rd5 Kc4 67.Rd8 d3 68.b7 Rxb7 69.Kxb7 Kc3 70.Kc6  1/2-1/2

[Event "ch-IRI 2012"]
[Site "Zahedan IRI"]
[Date "2012.12.07"]
[Round "1.7"]
[White "Asgarizadeh,A"]
[Black "Noroozi,O"]
[Result "1-0"]
[WhiteElo "2171"]
[BlackElo "2366"]

1.e4 c5 2.Nf3 d6 3.d4 cxd4 4.Nxd4 Nf6 5.Nc3 a6 6.Be3 e5 7.Nf3 Be7 8.Bc4 Be6
9.Bb3 O-O 10.O-O Nc6 11.Qe2 Rc8 12.Rfd1 h6 13.Nh4 b5 14.Nf5 Bxf5 15.exf5 Na5
16.Nd5 Nc4 17.c3 Nxd5 18.Rxd5 Bg5 19.Bxc4 Rxc4 20.Rad1 Bxe3 21.Qxe3 Qf6 22.Rxd6 Qxf5
23.Rxa6 b4 24.cxb4 Rxb4 25.b3 Rd4 26.Rf1 Rc8 27.Ra5 Re4 28.Qd3 Qg4 29.f3 Rd4
30.Qa6 Qd7 31.Rxe5 Rd2 32.Re2 Rcc2 33.Qa8+ Kh7 34.Qe4+ f5 35.Qxc2 Qd4+ 36.Kh1 Rxc2
37.Rxc2 g5 38.Rcc1 h5 39.a4  1-0

[Event "12th Porec Open"]
[Site "Porec CRO"]
[Date "2012.12.08"]
[Round "5.11"]
[White "Ghersinich,Enrico"]
[Black "Trempetic,M"]
[Result "0-1"]
[WhiteElo "1601"]
[BlackElo "2042"]

1.e4 c5 2.Nf3 d6 3.d4 cxd4 4.Nxd4 Nf6 5.Nc3 a6 6.Be3 g6 7.f3 Bg7 8.Qd2 O-O
9.h4 h5 10.Bc4 Nc6 11.Nxc6 bxc6 12.Bh6 Qa5 13.O-O-O Rd8 14.Qg5 Qxg5+ 15.Bxg5 Be6
16.Bb3 Bxb3 17.axb3 Kf8 18.Rhe1 Nd7 19.g4 Ne5 20.gxh5 Nxf3 21.Rf1 Nxg5 22.hxg5 gxh5
23.Rh1 Be5 24.Rxh5 Kg7 25.Rg1 Rh8 26.Rxh8 Rxh8 27.Kd2 Kg6 28.Kd3 Rh5 29.Na4 Rxg5
30.Rxg5+ Kxg5 31.c3 e6 32.Nb6 f5 33.Nc4 f4 34.Ke2 Kg4 35.Nd2 d5 36.exd5 cxd5
37.Nf3 Bf6 38.b4 e5 39.Kf2 e4 40.Nh2+ Kh3 41.Nf1 d4 42.c4 d3 43.c5 Bd4+ 44.Ke1 e3
45.c6 d2+ 46.Kd1 Bb6 47.Ke2 Kg2 48.Nxe3+ fxe3 49.b3 d1=Q+ 50.Kxd1 Kf2 51.c7 e2+
52.Kc2 Bxc7  0-1

[Event "5th Kolkata Open"]
[Site "Kolkata IND"]
[Date "2012.12.11"]
[Round "9.23"]
[White "Paragua,M"]
[Black "Udeshi,A"]
[Result "1-0"]
[WhiteElo "2533"]
[BlackElo "2376"]

1.e4 c5 2.Nf3 d6 3.d4 cxd4 4.Nxd4 Nf6 5.Nc3 a6 6.Be3 e5 7.Nf3 Qc7 8.a4 Be7
9.a5 O-O 10.Be2 Nbd7 11.O-O b5 12.axb6 Nxb6 13.Nd2 Bb7 14.Bxb6 Qxb6 15.Nc4 Qc7
16.Ne3 Rfc8 17.Ra4 a5 18.Rc4 Qb6 19.b3 Rxc4 20.Bxc4 Nxe4 21.Ncd5 Qd8 22.Nf5 Bf6
23.Qg4 Nd2 24.Nh6+ Kf8 25.Nxf7 Qc8 26.Qxc8+ Bxc8 27.Nxd6 Nxf1 28.Nb6 Rb8
29.Ndxc8 Ke8 30.Kxf1 Kd8 31.Be6 Be7 32.Na4 Bb4 33.Ncb6 Ke7 34.Bc4 Kd6 35.Nd5 Bc5
36.Ndc3 Bb4 37.Ne4+ Ke7 38.Ke2 Rb7 39.Nb2 Ra7 40.Nd3 Bd6 41.Bb5 Rc7 42.c4  1-0

[Event "III ITT JAHV McGREGOR"]
[Site "Bogota COL"]
[Date "2012.12.12"]
[Round "1.11"]
[White "Barrientos,S"]
[Black "Becerra,J"]
[Result "1-0"]
[WhiteElo "2459"]
[BlackElo "2260"]

1.e4 c5 2.Nf3 d6 3.d4 cxd4 4.Nxd4 Nf6 5.Nc3 a6 6.Be3 e5 7.Nf3 Qc7 8.a4 Be7
9.a5 Nbd7 10.Be2 O-O 11.O-O Qc6 12.Nd2 d5 13.Nxd5 Nxd5 14.exd5 Qxd5 15.Bc4 Qc6
16.Qf3 Qc7 17.b3 Kh8 18.Ne4 b5 19.Bd5 Bb7 20.Bxb7 Qxb7 21.Rfd1 f5 22.Nd6 Qxf3
23.gxf3 f4 24.Bb6 Nxb6 25.axb6 Kg8 26.c4 Rfd8 27.Ne4 Rdb8 28.Rd7 Bf8 29.c5 a5
30.Ra7 a4 31.bxa4 b4 32.Rxa8 Rxa8 33.b7  1-0

[Event "III ITT JAHV McGREGOR"]
[Site "Bogota COL"]
[Date "2012.12.12"]
[Round "1.69"]
[White "Moreno Lozano,David"]
[Black "Camargo,S"]
[Result "0-1"]
[WhiteElo "1913"]
[BlackElo "2039"]

1.e4 c5 2.Nf3 d6 3.d4 cxd4 4.Nxd4 Nf6 5.Nc3 a6 6.Be3 e5 7.Nb3 Be6 8.Qd2 Be7
9.f3 Qc7 10.O-O-O O-O 11.g4 Rc8 12.Kb1 d5 13.g5 d4 14.gxf6 dxc3 15.Qg2 Bxf6
16.Bg5 Bxg5 17.Qxg5 cxb2 18.Bd3 Nc6 19.Rhg1 g6 20.Rg2 Nb4 21.Qd2 a5 22.Kxb2 Nxa2  0-1

[Event "III ITT JAHV McGREGOR"]
[Site "Bogota COL"]
[Date "2012.12.12"]
[Round "2.117"]
[White "Patino,Jairo"]
[Black "Vargas,M"]
[Result "0-1"]
[WhiteElo "1636"]
[BlackElo "1987"]

1.e4 c5 2.Nf3 d6 3.d4 cxd4 4.Nxd4 Nf6 5.Nc3 a6 6.Be3 e5 7.Nb3 Be6 8.Be2 Be7
9.f3 O-O 10.Qd2 Qc7 11.O-O-O Rc8 12.g4 d5 13.exd5 Nxd5 14.Nxd5 Bxd5 15.Kb1 Be6
16.Bd3 a5 17.Qf2 Nd7 18.Bf5 a4 19.Bxe6 fxe6 20.Nc1 a3 21.Nb3 axb2 22.Rd3 Bb4
23.Rhd1 Nf6 24.Bb6 Qc4 25.a4 Nd5 26.Ba5 Bxa5 27.Nxa5 Qxa4 28.Kxb2 Rxa5 29.Rb3 Qa2+
30.Kc1  0-1

[Event "III ITT JAHV McGREGOR"]
[Site "Bogota COL"]
[Date "2012.12.12"]
[Round "2.115"]
[White "Palechor,Cesar Augusto"]
[Black "Quintero,R"]
[Result "1/2-1/2"]
[WhiteElo "1795"]
[BlackElo "1994"]

1.e4 c5 2.Nf3 d6 3.d4 cxd4 4.Nxd4 Nf6 5.Nc3 a6 6.Be3 Nc6 7.Be2 e6 8.O-O Be7
9.Qd2 O-O 10.Rad1 Qc7 11.f4 Bd7 12.Bf3 b5 13.a3 Rac8 14.Qf2 Rfe8 15.Nxc6 Bxc6
16.g4 Qb7 17.Qg2 b4 18.axb4 Qxb4 19.g5 Nd7 20.Bc1 Bf8 21.Ne2 Qc5+ 22.Kh1 Qxc2
23.Nd4 Qxg2+ 24.Bxg2 Bb7 25.h4 Nc5 26.Rfe1 g6 27.b4 Na4 28.Ba3 Rc3 29.Bc1 Rec8
30.b5 e5 31.fxe5 dxe5 32.bxa6 Bxa6 33.Nf3 Bg7 34.Bd2 Rc2 35.Ra1 Bb5 36.Reb1 Be8
37.Rc1 Rxc1+ 38.Rxc1 Rxc1+ 39.Bxc1 Bc6 40.Nd2 Bb5 41.Kg1 Bf8 42.Kf2 Bc5+
43.Kf3 Kf8 44.Nb3 Bd6 45.Be3 Ke7 46.Bh3 Bb4 47.Nd2 Nb2 48.Bf1 Ba4 49.Nc4 Bd1+
50.Kg3 Bc3 51.Nxb2 Bxb2 52.Bc5+ Ke6 53.Bc4+ Kd7 54.Bxf7 Kc6 55.Bf2 Bc2 56.Kf3  1/2-1/2

[Event "5th Kolkata Open"]
[Site "Kolkata IND"]
[Date "2012.12.12"]
[Round "10.21"]
[White "Nolte,R"]
[Black "Soumya,Sw"]
[Result "1-0"]
[WhiteElo "2453"]
[BlackElo "2268"]

1.e4 c5 2.Nf3 d6 3.d4 cxd4 4.Nxd4 Nf6 5.Nc3 a6 6.Be3 e6 7.f3 b5 8.Qd2 Nbd7
9.g4 h6 10.O-O-O b4 11.Na4 Ne5 12.Qxb4 Bd7 13.Bf4 g5 14.Bd2 Rb8 15.Qa3 d5
16.Nc5 Qb6 17.Ndb3 Nc4 18.Bxc4 dxc4 19.Nxd7 Nxd7 20.Qa4 Qb5 21.Qxb5 axb5
22.Na5 Ne5 23.Bc3 Bg7 24.f4 gxf4 25.Bxe5 Bxe5 26.Nc6 Bc7 27.Nxb8 Bxb8 28.a4 Be5
29.axb5 Ke7 30.c3 Rb8 31.Kc2 Rxb5 32.Ra1 Kf6 33.h4 Bc7 34.Ra7 Bb8 35.Ra4 Ke5
36.Rxc4 f3 37.Rf1 Kf4 38.Rd4 Kxg4 39.e5+ Kg3 40.Rd3 f5 41.Rfxf3+ Kg4 42.Rg3+ Kh5
43.Rg8 Bxe5 44.Re8 Kxh4 45.Rxe6 Kg5 46.b4 Bb8 47.Rh3 h5 48.Re8 Kg4 49.Rh1 f4
50.Rg8+ Kf3 51.Kd3 Ba7 52.Rh3+ Kf2 53.Rh8 Rb7 54.R8xh5 Rd7+ 55.Ke4 Be3 56.Rf3+ Ke1
57.Rxe3+ fxe3 58.Kxe3 Kd1 59.Rh2 Kc1 60.c4 Rb7 61.Kd4 Rxb4 62.Kc3  1-0

[Event "ch-IRI 2012"]
[Site "Zahedan IRI"]
[Date "2012.12.12"]
[Round "8.7"]
[White "Asgarizadeh,A"]
[Black "Asgari,M"]
[Result "1-0"]
[WhiteElo "2171"]
[BlackElo "2300"]

1.e4 c5 2.Nf3 d6 3.d4 cxd4 4.Nxd4 Nf6 5.Nc3 a6 6.Be3 e5 7.Nf3 Qc7 8.a4 Be7
9.a5 O-O 10.Be2 Nbd7 11.O-O Nc5 12.Nd5 Nxd5 13.exd5 Bf5 14.Nd2 Bg6 15.Nc4 Rad8
16.Ra3 f5 17.Re1 f4 18.Bxc5 Qxc5 19.Rc3 Bh4 20.Rf1 e4 21.Ne5 Qxa5 22.Nxg6 hxg6
23.Bg4 Bg5 24.Rh3 Bh6 25.Be6+ Kh7 26.Re1 e3 27.fxe3 fxe3 28.Rexe3 Qb6 29.Qd3 Rf4
30.g4 Rdf8 31.g5 Rf3 32.Kg2 Rxh3 33.Kxh3 Bxg5 34.Rg3 Qf2 35.Bg4 Bf4 36.Rg2 Qe1
37.Bh5 Be5 38.Bxg6+ Kg8 39.Qe2 Qxe2 40.Rxe2 Rf6 41.Bd3 Kf7 42.b3 Rh6+ 43.Kg4 Bxh2
44.Bf5 Rh8 45.Be6+ Ke7 46.Rf2 Be5 47.Rf7+ Kd8 48.Rxb7 Rh2 49.c4 Rg2+ 50.Kf3 Rg3+
51.Ke4 Rc3 52.Bg4 a5 53.Kf5 a4 54.bxa4 Rxc4 55.a5 Ra4 56.Ra7 Kc8 57.a6 Ra2
58.Kg6+ Kd8 59.Bf5 Rg2+ 60.Kf7 Rf2 61.Rd7+ Kc8 62.a7 Ra2 63.Re7+  1-0

[Event "1st Korbach GM"]
[Site "Korbach GER"]
[Date "2012.12.13"]
[Round "7.1"]
[White "Zwahr,P"]
[Black "Gutman,L"]
[Result "1/2-1/2"]
[WhiteElo "2303"]
[BlackElo "2498"]

1.e4 c5 2.Nf3 d6 3.d4 cxd4 4.Nxd4 Nf6 5.Nc3 a6 6.Be3 e5 7.Nb3 Be7 8.f3 Be6
9.Qd2 O-O 10.O-O-O a5 11.Kb1 a4 12.Nc1 a3 13.b3 Qa5 14.Nb5 d5 15.Qxa5 Rxa5
16.Bd2 Ra6 17.Nc7 Rc6 18.exd5 Bxd5 19.Nxd5 Nxd5 20.c4 Nf6 21.Bc3 e4 22.Ne2 Rd6
23.Nd4 exf3 24.gxf3 Nc6 25.Be2 Nxd4 26.Rxd4 Re6 27.Bd1 Bd6 28.Kc2 Rc8 29.h3 Be5
30.Rd3 Bxc3 31.Rxc3 Nh5 32.b4 Ng3 33.Rg1 Nf5 34.c5 Nd4+ 35.Kb1 b6 36.Rxa3 bxc5
37.bxc5 g6 38.Rd3 Nc6 39.Bb3 Re5 40.Rc1 Rf5 41.Rcc3 Rc7 42.Kb2 Kg7 43.a3 Ne7
44.a4  1/2-1/2

[Event "III ITT JAHV McGREGOR"]
[Site "Bogota COL"]
[Date "2012.12.14"]
[Round "5.17"]
[White "Martinez Romero,M"]
[Black "Cifuentes,J"]
[Result "1-0"]
[WhiteElo "2382"]
[BlackElo "2131"]

1.e4 c5 2.Nf3 d6 3.d4 cxd4 4.Nxd4 Nf6 5.Nc3 a6 6.Be3 e5 7.Nde2 Be7 8.Qd2 Be6
9.f4 b5 10.f5 Bc4 11.Ng3 Nbd7 12.Bxc4 bxc4 13.O-O Ng4 14.Nd5 Nxe3 15.Qxe3 Bg5
16.Qc3 Nb6 17.Rad1 O-O 18.Kh1 Qb8 19.f6 Nxd5 20.Rxd5 g6 21.b4 cxb3 22.cxb3 Qd8
23.Qd3 Re8 24.Rxd6 Qa5 25.a4 Red8 26.Rd5 Qb6 27.a5 Qc7 28.b4 Rab8 29.Qxa6 Rxb4
30.Rfd1 Rd4 31.R1xd4 exd4 32.Qc6 Rb8 33.Rb5 Qd8 34.Nf1 Rc8 35.Rd5 Qf8 36.Qd6 Qxd6
37.Rxd6 h5 38.Kg1 Rc2 39.a6 Ra2 40.g3 h4 41.gxh4 Bxh4 42.e5 Bg5 43.Rd8+ Kh7
44.Rf8 Rxa6 45.Rxf7+ Kh6 46.Rf8 Be3+ 47.Nxe3 dxe3 48.Rh8+ Kg5 49.f7 Ra1+
50.Kg2 Ra2+ 51.Kg3  1-0

[Event "III ITT JAHV McGREGOR"]
[Site "Bogota COL"]
[Date "2012.12.14"]
[Round "5.112"]
[White "Garcia,Engels Vladimir"]
[Black "Aldana,Boris Eugenio"]
[Result "1-0"]
[WhiteElo "1826"]
[BlackElo "1636"]

1.e4 c5 2.Nf3 d6 3.d4 cxd4 4.Nxd4 Nf6 5.Nc3 a6 6.Be3 Nc6 7.f3 e6 8.Qd2 Be7
9.g4 O-O 10.h4 Qc7 11.O-O-O b5 12.Kb1 Ne5 13.h5 Nc4 14.Bxc4 bxc4 15.g5 Ne8
16.g6 e5 17.gxh7+ Kh8 18.Nf5 Bxf5 19.exf5  1-0

[Event "III ITT JAHV McGREGOR"]
[Site "Bogota COL"]
[Date "2012.12.15"]
[Round "7.18"]
[White "Bacallao Alonso,Y"]
[Black "Navia,E"]
[Result "1-0"]
[WhiteElo "2574"]
[BlackElo "2095"]

1.e4 c5 2.Nf3 d6 3.d4 cxd4 4.Nxd4 Nf6 5.Nc3 a6 6.Be3 e6 7.g4 h6 8.h4 Nc6
9.Rg1 h5 10.gxh5 Nxh5 11.Be2 g6 12.Qd2 Bd7 13.O-O-O Qc7 14.Bg5 Rc8 15.Nxc6 Bxc6
16.Rge1 b5 17.Bg4 Be7 18.Nd5 Bxd5 19.exd5 Ng7 20.Bxe7 Kxe7 21.Qg5+ f6 22.Qxg6  1-0

[Event "III ITT JAHV McGREGOR"]
[Site "Bogota COL"]
[Date "2012.12.15"]
[Round "7.84"]
[White "Ribero,Guillermo Andres"]
[Black "Vargas,Pedro"]
[Result "0-1"]
[WhiteElo "1789"]
[BlackElo "2112"]

1.e4 c5 2.Nf3 d6 3.d4 cxd4 4.Nxd4 Nf6 5.Nc3 a6 6.Be3 Ng4 7.Qd2 Nxe3 8.Qxe3 g6
9.f3 Bg7 10.O-O-O Nc6 11.Nde2 O-O 12.g4 Be6 13.h4 Qa5 14.Nd5 Bxd5 15.Rxd5 b5
16.c3 Rfc8 17.Kb1 Ne5 18.h5 e6 19.Rd1 Nc4 20.Qc1 b4 21.Nd4 bxc3 22.Qxc3 Qxc3
23.bxc3 Rcb8+ 24.Kc1 Na3 25.hxg6 hxg6 26.Kd2 Rb2+ 27.Kd3 Rc8 28.Be2 Nb5 29.Nxb5 axb5
30.Rc1 Rxa2  0-1

[Event "ch-IRI 2012"]
[Site "Zahedan IRI"]
[Date "2012.12.15"]
[Round "11.2"]
[White "Asgarizadeh,A"]
[Black "Darini,P"]
[Result "1-0"]
[WhiteElo "2171"]
[BlackElo "2522"]

1.e4 c5 2.Nf3 d6 3.d4 cxd4 4.Nxd4 Nf6 5.Nc3 a6 6.Be3 e5 7.Nf3 Nc6 8.Bc4 Be6
9.Bb3 h6 10.O-O Na5 11.Qe2 Rc8 12.Nd2 Be7 13.Rfd1 O-O 14.Qd3 b5 15.Nd5 Nxd5
16.exd5 Bg4 17.f3 Bh5 18.c3 Qc7 19.Qe2 Nxb3 20.axb3 Qb7 21.b4 Qxd5 22.Rxa6 Ra8
23.Rb6 Rab8 24.Nf1 Qb3 25.Rxb8 Rxb8 26.Bf2 e4 27.Rd4 d5 28.Ng3 Bg6 29.fxe4 dxe4
30.Nxe4 Bf8 31.Nc5 Qa2 32.Nd7 Ra8 33.Rd1 Qb3 34.Bc5 Re8 35.Qd2 Bxc5+ 36.Nxc5 Qa2
37.h3 Bh5 38.Rf1 Qa8 39.Rf2 Rd8 40.Qf4 Qa1+ 41.Kh2 Rd1 42.Qb8+ Kh7 43.Qe5 Bg6
44.Kg3 Qb1 45.Re2 Rh1 46.Qe3 Rd1 47.b3 Bf5 48.Kf2 Rf1+ 49.Kg3 Rh1 50.Qd4 f6
51.Re7 Kg6 52.Nd7 Bxd7 53.Qxd7 h5 54.Rxg7+ Kh6 55.Re7 Qc1 56.Rh7+ Kg5 57.Qd5+ f5
58.Qg8+ Kf6 59.Rf7+  1-0

[Event "III ITT JAHV McGREGOR"]
[Site "Bogota COL"]
[Date "2012.12.16"]
[Round "9.50"]
[White "Fuentes,Adrian"]
[Black "Navia,E"]
[Result "0-1"]
[WhiteElo "1942"]
[BlackElo "2095"]

1.e4 c5 2.Nf3 d6 3.d4 cxd4 4.Nxd4 Nf6 5.Nc3 a6 6.Be3 e6 7.f3 b5 8.Qd2 Nbd7
9.O-O-O Bb7 10.g4 h6 11.h4 b4 12.Nce2 d5 13.exd5 Nxd5 14.Bg2 Ne5 15.Nf4 Nc4
16.Qd3 Ncxe3 17.Nfxe6 fxe6 18.Qg6+ Kd7 19.Qxe6+ Kc7 20.Rhe1 Nxg2 21.Qe5+ Qd6
22.Ne6+ Kb8 23.Qd4 Ngf4  0-1

[Event "19th Zadar Open B"]
[Site "Zadar CRO"]
[Date "2012.12.19"]
[Round "6.4"]
[White "Deur,Z"]
[Black "Tesla,Miro"]
[Result "0-1"]
[WhiteElo "2124"]
[BlackElo "2017"]

1.e4 c5 2.Nf3 d6 3.d4 cxd4 4.Nxd4 Nf6 5.Nc3 a6 6.Be3 e5 7.Nde2 Ng4 8.Qd2 Nxe3
9.Qxe3 Be7 10.Nd5 Nc6 11.Nxe7 Qxe7 12.O-O-O O-O 13.Kb1 Be6 14.f4 Rac8 15.f5 Bc4
16.Nc3 Nd4 17.Bxc4 Rxc4 18.Nd5 Qh4 19.c3 Nc6 20.g4 Ne7 21.Nb6 Rc6 22.g5 Rxb6
23.Qxb6 Qxe4+ 24.Ka1 Nxf5 25.Rhe1 Qc6 26.Qf2 g6 27.h4 e4 28.h5 e3 29.Qh2 Qf3
30.h6 f6 31.gxf6 Rxf6 32.Qc2 Nxh6 33.Qb3+ Kg7 34.Qb6 Nf5 35.Rh1 e2 36.Qc7+ Rf7
37.Rxh7+ Kxh7 38.Qxf7+ Kh6  0-1

[Event "Groningen Open A"]
[Site "Groningen NED"]
[Date "2012.12.21"]
[Round "1.1"]
[White "Beukema,S"]
[Black "Andriasian,Z"]
[Result "0-1"]
[WhiteElo "2262"]
[BlackElo "2605"]

1.e4 c5 2.Nf3 d6 3.d4 cxd4 4.Nxd4 Nf6 5.Nc3 a6 6.Be3 Ng4 7.Bg5 h6 8.Bh4 g5
9.Bg3 Bg7 10.Qd2 Nc6 11.Nb3 b5 12.O-O-O Nge5 13.h4 g4 14.f4 gxf3 15.gxf3 Nxf3
16.Qd5 Bd7 17.Bh3 Bxh3 18.Rxh3 Nfe5 19.Bxe5 Nxe5 20.Rg3 Bf6 21.Rdg1 Kf8 22.Qd2 e6
23.Qf4 Bxh4 24.Rh3 Bf6 25.Rxh6 Rxh6 26.Qxh6+ Ke7 27.Nd4 Qh8 28.Qf4 Rg8 29.Rxg8 Qxg8
30.Qf2 Qg4 31.a3 Bh4 32.Qh2 Be1 33.Nf5+ Kd7 34.Ne3 Qg5 35.Nd1 Nc4 36.Qh7 Ke7  0-1

[Event "23rd Metropolitan GM"]
[Site "Los Angeles USA"]
[Date "2012.12.21"]
[Round "4"]
[White "Sevian,Samuel"]
[Black "Yankovsky,R"]
[Result "1-0"]
[WhiteElo "2343"]
[BlackElo "2474"]

1.e4 c5 2.Nf3 d6 3.d4 cxd4 4.Nxd4 a6 5.Nc3 Nf6 6.Be3 e5 7.Nb3 Be6 8.Qd2 Nbd7
9.f4 b5 10.O-O-O Be7 11.f5 Bc4 12.g4 Nxg4 13.Rg1 Nxe3 14.Qxe3 h6 15.Kb1 Bg5
16.Qe1 Bxf1 17.Qxf1 Nb6 18.Na5 Qc7 19.Qh3 Bf6 20.Qd3 Rd8 21.a4 Nxa4 22.Nd5 Qxa5
23.b4 Nc5 24.Qc3 Qa4 25.Nb6 O-O 26.Nxa4 Nxa4 27.Qb3 Nb6 28.Qe3  1-0

[Event "19th Zadar Open A"]
[Site "Zadar CRO"]
[Date "2012.12.22"]
[Round "9.3"]
[White "Saric,Iv"]
[Black "Ivanov,Bor BUL"]
[Result "1-0"]
[WhiteElo "2626"]
[BlackElo "2227"]

1.e4 c5 2.Nf3 d6 3.d4 cxd4 4.Nxd4 Nf6 5.Nc3 a6 6.Be3 e6 7.f3 b5 8.Qd2 Bb7
9.g4 Nc6 10.O-O-O Be7 11.h4 Nd7 12.g5 Nde5 13.Qf2 O-O 14.Nb3 Qc7 15.Bb6 Qc8
16.f4 Nd7 17.Be3 Qc7 18.Kb1 b4 19.Na4 Na5 20.Nb6 Nxb3 21.Nxa8 Bxa8 22.axb3 Bxe4
23.Rh2 a5 24.Bd3 Bxd3 25.cxd3 Qb7 26.Qg2 Qa6 27.d4 a4 28.Qc2 axb3 29.Qxb3 Ra8
30.Rc1 d5 31.Rc7 Qa1+ 32.Kc2 Nb6 33.Rxe7 Rc8+ 34.Kd2 Qf1 35.Qxb4 Nc4+ 36.Kc3 Nxe3+
37.Kb3 Qd3+ 38.Ka4 Ra8+ 39.Qa5 Qc4+ 40.b4 Rxa5+  1-0

[Event "19th Zadar Open A"]
[Site "Zadar CRO"]
[Date "2012.12.22"]
[Round "9.14"]
[White "Ciganovic,N"]
[Black "Mazi,L"]
[Result "0-1"]
[WhiteElo "2303"]
[BlackElo "2351"]

1.e4 c5 2.Nf3 d6 3.d4 cxd4 4.Nxd4 Nf6 5.Nc3 a6 6.Be3 e6 7.f3 h5 8.Qd2 Be7
9.O-O-O b5 10.Kb1 Bb7 11.Bd3 Nbd7 12.h3 h4 13.Rhe1 Rc8 14.Bg5 b4 15.Nd5 Nxd5
16.exd5 Bxg5 17.f4 Bxd5 18.fxg5 Qb6 19.Be4 Bxe4 20.Rxe4 Nc5 21.Re2 d5 22.g6 O-O
23.Qg5 fxg6 24.Qxh4 Ne4 25.Ka1 Rc4  0-1

[Event "Norberto La Porta Open A"]
[Site "Buenos Aires ARG"]
[Date "2012.12.23"]
[Round "7"]
[White "Paveto,K"]
[Black "Real de Azua,E"]
[Result "1/2-1/2"]
[WhiteElo "2302"]
[BlackElo "2465"]

1.e4 c5 2.Nf3 d6 3.d4 cxd4 4.Nxd4 Nf6 5.Nc3 a6 6.Be3 e5 7.Nb3 Be7 8.h3 Be6
9.g4 d5 10.exd5 Nxd5 11.Bg2 Nxe3 12.Qxd8+ Bxd8 13.fxe3 Bh4+ 14.Kf1 Nc6 15.Nc5 O-O
16.Be4 Rad8 17.Ke2 Bc4+ 18.Bd3 Bxd3+ 19.cxd3 Be7 20.N3e4 Bxc5 21.Nxc5 Rd5
22.Rac1 Rb8 23.Rhd1 Kf8 24.Rd2 Rd6 25.a3  1/2-1/2

[Event "Groningen Open A"]
[Site "Groningen NED"]
[Date "2012.12.24"]
[Round "4.31"]
[White "Van Osch,Mees"]
[Black "Goudriaan,E"]
[Result "1/2-1/2"]
[WhiteElo "2090"]
[BlackElo "2366"]

1.e4 c5 2.Nf3 d6 3.d4 cxd4 4.Nxd4 Nf6 5.Nc3 a6 6.Be3 e5 7.Nf3 Qc7 8.a4 Nbd7
9.a5 Nc5 10.Bxc5 dxc5 11.Bc4 Be6 12.Qe2 Rd8 13.Bxe6 fxe6 14.Qc4 Ke7 15.O-O h6
16.Rfd1 Rxd1+ 17.Rxd1 Kf7 18.b4 Be7 19.b5 Rd8 20.Rxd8 Bxd8 21.bxa6 bxa6 22.Qxa6 Qxa5
23.Nxe5+ Kg8 24.Qxa5 Bxa5 25.Na4 Nxe4 26.Nc4 Bb4 27.f3 Nc3 28.Nxc3 Bxc3 29.Nd6 Kf8
30.Kf1 Ke7 31.Ne4 Bd4 32.c3 Be5 33.g3 c4 34.Ke2 Kd7 35.f4 Bc7 36.Nd2 Ba5
37.Nxc4 Bxc3 38.Kd3 Bf6 39.Ke4 Kc6 40.Ne5+ Kd6 41.Nd3 Ke7  1/2-1/2

[Event "Groningen Open A"]
[Site "Groningen NED"]
[Date "2012.12.26"]
[Round "5.44"]
[White "Kevlishvili,Robby"]
[Black "Dijkhuis,Tycho"]
[Result "0-1"]
[WhiteElo "1941"]
[BlackElo "2062"]

1.e4 c5 2.Nf3 d6 3.d4 cxd4 4.Nxd4 Nf6 5.Nc3 a6 6.Be3 e6 7.f3 b5 8.Qd2 Nbd7
9.g4 h6 10.O-O-O b4 11.Nce2 d5 12.exd5 Nxd5 13.Nf4 Nxe3 14.Qxe3 Qg5 15.h4 Qe5
16.Qd2 Bc5 17.Nfe2 Nb6 18.Kb1 Bb7 19.Bg2 Qc7 20.Qe1 Nc4 21.Nc1 Qe5 22.Ncb3 Qxe1
23.Rhxe1 Be7 24.Bf1 Nb6 25.Na5 Bd5 26.h5 O-O 27.Bd3 Rfc8 28.Be4 Bh4 29.Re2 Rc5
30.Nab3 Rc7 31.Bxd5 Nxd5 32.Nd2 a5 33.Ne4 Be7 34.Rf2 a4 35.f4 Ne3 36.Rg1 Rc4
37.Re2 Nd5 38.Rd1 Nxf4 39.Red2 Nd5 40.b3 Rcc8 41.Rd3 Ra6 42.Rc1 axb3 43.Nxb3 Rca8
44.Rf1 Rxa2 45.Rdf3 Nf6  0-1

[Event "XXIII Krakow Open"]
[Site "Krakow POL"]
[Date "2012.12.27"]
[Round "1.24"]
[White "Khamidov,K"]
[Black "Zawadzka,J"]
[Result "1-0"]
[WhiteElo "2095"]
[BlackElo "2389"]

1.e4 c5 2.Nf3 d6 3.d4 cxd4 4.Nxd4 Nf6 5.Nc3 a6 6.Be3 e6 7.f3 b5 8.Qd2 Bb7
9.O-O-O Nbd7 10.g4 Nb6 11.Qf2 Nfd7 12.Bd3 Rc8 13.Nce2 Qc7 14.Kb1 Nc5 15.Ng3 Nba4
16.Bc1 b4 17.Rhe1 Be7 18.f4 O-O 19.g5 Rfe8 20.f5 Nxd3 21.Rxd3 Nc5 22.Rf3 exf5
23.Ngxf5 Nxe4 24.Qh4 Bxg5 25.Bxg5 Nxg5 26.Rfe3 Ne6 27.Qg5 f6 28.Qg3 Bd5 29.Nxd6 Red8
30.Nxc8 Qxc8 31.Nf5 Qd7 32.b3 g6 33.Rd3 Kf8 34.Ne3 Nc7 35.Red1 Qc6 36.Qf4 a5
37.Kb2 f5 38.c4 bxc3+ 39.Rxc3  1-0

[Event "5th Marseille Open"]
[Site "Marseille FRA"]
[Date "2012.12.27"]
[Round "4.42"]
[White "Vincken Vasquez,Dimaryk"]
[Black "Kaser,S"]
[Result "0-1"]
[WhiteElo "1605"]
[BlackElo "1782"]

1.e4 c5 2.Nf3 d6 3.d4 cxd4 4.Nxd4 Nf6 5.Nc3 a6 6.Be3 e5 7.Nb3 Be6 8.Be2 Be7
9.Qd2 b5 10.a4 b4 11.Nd5 Nxe4 12.Qd3 Nc5 13.Nxc5 dxc5 14.Bf3 Ra7 15.Nxb4 Rd7
16.Nc6 Rxd3 17.Nxd8 Rxd8 18.O-O O-O 19.Rfe1 Bd5 20.Be2 Nc6 21.c3 c4 22.Bb6 Rb8
23.a5 Bd8 24.Red1 Be6 25.Rd6 Ne7 26.g4 Ng6 27.Ra4 Be7 28.Rd1 Rfc8 29.Bf3 Nf4
30.Be4 Bxg4 31.Re1 f5 32.f3 Bh3 33.Bc2 Rxb6  0-1

[Event "5th Marseille Open"]
[Site "Marseille FRA"]
[Date "2012.12.27"]
[Round "4.13"]
[White "Utrera,L"]
[Black "Milu,R"]
[Result "0-1"]
[WhiteElo "1963"]
[BlackElo "2405"]

1.e4 c5 2.Nf3 d6 3.d4 cxd4 4.Nxd4 Nf6 5.Nc3 a6 6.Be3 e6 7.Be2 Qc7 8.O-O b5
9.f4 Bb7 10.Bf3 Nbd7 11.Kh1 b4 12.e5 bxc3 13.exf6 Nxf6 14.bxc3 Be7 15.Rb1 Bxf3
16.Qxf3 d5 17.Rb3 O-O 18.Rfb1 Bd6 19.Ne2 Rab8 20.Bd4 Ne4 21.Rd1 a5 22.Ng3 Bxf4
23.Nxe4 dxe4 24.Qxe4 e5 25.Be3 Bxe3 26.Qxe3 a4 27.Ra3 Rbd8 28.Re1 Qc6 29.c4 Qxc4
30.Qxe5 Qxc2 31.Rae3 g6 32.R3e2 Qc6 33.Qe7 Rd7 34.Qe5 Rd5 35.Qf4 Rfd8 36.Re7 Rf5
37.Qe4 Qc5 38.h3 Qa3 39.Qc4 Rf2  0-1